Diseño de un protocolo para el control del proceso en la industria de ingenio azucarero

محفوظ في:
التفاصيل البيبلوغرافية
المؤلف الرئيسي: Rodríguez Murillo, Nelson, 1970-
مؤلفون آخرون: Jaubert Calvo, Oscar Gerardo, 1951-2018 Director del TFG
التنسيق: كتاب
منشور في: [San José], Costa Rica 2009
الموضوعات:
الوسوم: إضافة وسم
لا توجد وسوم, كن أول من يضع وسما على هذه التسجيلة!

MARC

LEADER 00000nam a2200000Ia 4500
003 010529
005 20231206103126.0
008 140114s2009 cr a 000 ||s d
040 |c cru CEDI 
090 |a TFG 6150 
100 |a Rodríguez Murillo, Nelson, 1970-  |9 1854 
245 |a Diseño de un protocolo para el control del proceso en la industria de ingenio azucarero  
260 |b  [San José], Costa Rica  |c 2009 
500 |a Tesis (magister en ingeniería química con énfasis en ingeniería de procesos)--Universidad de Costa Rica. Facultad de Ingeniería. Escuela de Ingeniería Química 
501 |a Director de Tesis de Graduación: M.Sc. Oscar Jaubert Calvo 
650 |x INDUSTRIA AZUCARERA - COSTA RICA   |x CONTROL DE PROCESOS - DISEÑO  |x INGENIOS DE AZUCAR - COSTA RICA   |9 3105 
700 |a  Jaubert Calvo, Oscar Gerardo, 1951-2018  |d Director del TFG   |9 1319 
942 |c TFG  |h TFG 6150  |i 010529  |2 ddc  |6 TFG_6150_010529000000000 
999 |c 16065  |d 16065